[Event "POL-chT IV GrB"]
[Site "Konin"]
[Date "2011.02.27"]
[Round "8"]
[White "Szadkowski, Krzysztof"]
[Black "Oleksy, Krzysztof"]
[Result "1/2-1/2"]
[WhiteElo "2128"]
[BlackElo "1902"]
[PlyCount "115"]
[EventDate "2011.01.23"]
[EventType "team-tourn"]
[EventRounds "9"]
[EventCountry "POL"]
[SourceTitle "EXT 2019"]
[Source "ChessBase"]
[SourceDate "2018.10.10"]
[SourceVersion "1"]
[SourceVersionDate "2018.10.10"]
[SourceQuality "1"]
[WhiteTeam "Konin UKS Smecz"]
[BlackTeam "Turek Tecza"]
[WhiteTeamCountry "POL"]
[BlackTeamCountry "POL"]

1. d4 d5 2. c4 e6 3. Nf3 Nd7 4. g3 Ngf6 5. Bg2 c6 6. 0-0 Bd6 7. Bf4 Qc7 8. Qc1 Nh5 9. Bxd6 Qxd6 10. Qg5 g6 11. Nc3 0-0 12. e4 f6 13. Qh6 dxc4 14. Rad1 Qe7 15. e5 f5 16. Nd2 Nb6 17. Bf3 Ng7 18. Be2 Qb4 19. Rb1 Rd8 20. Rfd1 Ne8 21. a3 Qf8 22. Qh4 Nc7 23. Bxc4 a6 24. Ba2 Ncd5 25. Ne2 Bd7 26. Nf3 Rac8 27. b4 Kg7 28. Bb3 Qe7 29. Qh3 h6 30. Rbc1 a5 31. bxa5 Qxa3 32. Bxd5 Nxd5 33. Nd2 Qxa5 34. Nc4 Qa2 35. Rd2 Qa7 36. Nf4 b5 37. Nd6 Qa3 38. Ne2 Rb8 39. Rc5 Qf3 40. Qf1 b4 41. Qd1 Rb6 42. Rd3 Qg4 43. Kg2 Ra8 44. h3 Qg5 45. h4 Qd8 46. Nc1 f4 47. Rf3 g5 48. gxf4 g4 49. Rg3 Nxf4+ 50. Kh1 h5 51. Rxg4+ hxg4 52. Qxg4+ Kh7 53. Qxf4 Qg8 54. Kh2 Rf8 55. Qe3 Qg4 56. Ne4 Qxh4+ 57. Kg2 Qg4+ 58. Kf1 1/2-1/2

[Event "POL-chT4B 0910"]
[Site "Wielkoposka"]
[Date "2010.02.07"]
[Round "4"]
[White "Snihur, Piotr"]
[Black "Oleksy, Krzysztof"]
[Result "1-0"]
[WhiteElo "1701"]
[BlackElo "1949"]
[PlyCount "127"]
[EventDate "2010.01.10"]
[EventType "team-tourn"]
[EventRounds "9"]
[EventCountry "POL"]
[SourceTitle "EXT 2019"]
[Source "ChessBase"]
[SourceDate "2018.10.10"]
[SourceVersion "1"]
[SourceVersionDate "2018.10.10"]
[SourceQuality "1"]
[WhiteTeam "Konin UKS Smecz"]
[BlackTeam "Turek Tecza"]
[WhiteTeamCountry "POL"]
[BlackTeamCountry "POL"]

1. e4 d5 2. exd5 Nf6 3. c4 c6 4. dxc6 Nxc6 5. Nc3 e5 6. d3 Bb4 7. Be2 0-0 8. a3 Ba5 9. b4 Bc7 10. Nf3 a5 11. b5 Ne7 12. 0-0 h6 13. Be3 b6 14. Nd2 Rb8 15. Nde4 Nf5 16. Nxf6+ Qxf6 17. Nd5 Qd8 18. Nxc7 Qxc7 19. Bf3 Bb7 20. Bxb7 Rxb7 21. Qf3 Ne7 22. Rac1 Qb8 23. c5 bxc5 24. Bxc5 Rd8 25. Bxe7 Rxe7 26. a4 Red7 27. Rc3 Rd4 28. Ra1 Qd6 29. g3 Rxd3 30. Rxd3 Qxd3 31. Qxd3 Rxd3 32. Rb1 Rd7 33. Kf1 Kf8 34. Ke2 Ke7 35. Rb2 f5 36. f3 g5 37. Ke3 Ke6 38. b6 Rb7 39. Rb5 h5 40. h3 Kd6 41. g4 fxg4 42. fxg4 hxg4 43. hxg4 Kc6 44. Rxe5 Rxb6 45. Re6+ Kc5 46. Rxb6 Kxb6 47. Kd4 Kc6 48. Kc4 Kd6 49. Kb5 Ke5 50. Kxa5 Kf4 51. Kb4 Kxg4 52. a5 Kh3 53. a6 g4 54. a7 g3 55. a8Q g2 56. Qf3+ Kh2 57. Qf2 Kh1 58. Qh4+ Kg1 59. Kc3 Kf1 60. Qf4+ Kg1 61. Kd3 Kh1 62. Qh4+ Kg1 63. Ke3 Kf1 64. Qf2# 1-0

[Event "POL-chT 2nd League"]
[Site "Polanica Zdroj"]
[Date "2004.09.06"]
[Round "3"]
[White "Widera, Jan"]
[Black "Oleksy, Krzysztof"]
[Result "1/2-1/2"]
[WhiteElo "2160"]
[BlackElo "2088"]
[PlyCount "52"]
[EventDate "2004.09.04"]
[EventType "team-swiss"]
[EventRounds "11"]
[EventCountry "POL"]
[SourceTitle "CBM 102 Extra"]
[Source "ChessBase"]
[SourceDate "2004.11.03"]
[SourceVersion "1"]
[SourceVersionDate "2004.11.03"]
[SourceQuality "1"]
[WhiteTeam "Gliwice Roszada"]
[BlackTeam "Turek Tecza"]
[WhiteTeamCountry "POL"]
[BlackTeamCountry "POL"]

1. e4 d6 2. c4 Nd7 3. Nc3 e5 4. g3 Ngf6 5. Bg2 g6 6. Nge2 Bg7 7. d3 Nc5 8. b4 Ne6 9. Rb1 0-0 10. 0-0 c6 11. b5 Qc7 12. h3 h6 13. Be3 c5 14. Qd2 Kh7 15. f4 Nd4 16. fxe5 dxe5 17. Rf2 Be6 18. Rbf1 Ng8 19. g4 Qa5 20. Ng3 Rad8 21. Qb2 Qc7 22. Nd5 Qd6 23. a4 b6 24. Ra1 Qd7 25. Kh2 Rb8 26. Qc3 Qd8 1/2-1/2

[Event "POL-chT 2nd League"]
[Site "Polanica Zdroj"]
[Date "2004.09.05"]
[Round "2"]
[White "Skrzypczak, Michal"]
[Black "Oleksy, Krzysztof"]
[Result "0-1"]
[WhiteElo "2100"]
[BlackElo "2088"]
[PlyCount "64"]
[EventDate "2004.09.04"]
[EventType "team-swiss"]
[EventRounds "11"]
[EventCountry "POL"]
[SourceTitle "CBM 102 Extra"]
[Source "ChessBase"]
[SourceDate "2004.11.03"]
[SourceVersion "1"]
[SourceVersionDate "2004.11.03"]
[SourceQuality "1"]
[WhiteTeam "Srem LKS Piast"]
[BlackTeam "Turek Tecza"]
[WhiteTeamCountry "POL"]
[BlackTeamCountry "POL"]

1. b4 d6 2. Bb2 Nf6 3. c4 Nbd7 4. d4 e6 5. e3 Be7 6. Nf3 b6 7. Bd3 Bb7 8. 0-0 Be4 9. Qc2 Bxd3 10. Qxd3 d5 11. c5 c6 12. a4 a5 13. b5 cxb5 14. c6 Nb8 15. axb5 0-0 16. Rc1 Qc7 17. Nbd2 Rc8 18. h3 Bd6 19. g4 Qe7 20. Ra4 Ra7 21. Ne5 Rac7 22. Rca1 Ne8 23. f4 Qh4 24. Kg2 Qd8 25. e4 f6 26. exd5 Bb4 27. dxe6 fxe5 28. fxe5 Qd5+ 29. Kg3 Re7 30. Nc4 Qxb5 31. Rxb4 axb4 32. Qb3 Qxc6 0-1